Webster's new world thesaurus (Record no. 26914)

MARC details
000 -LEADER
fixed length control field 00277nam a2200109Ia 4500
082 ## - DEWEY DECIMAL CLASSIFICATION NUMBER
Classification number 025.43
Item number WEB
245 #0 - TITLE STATEMENT
Title Webster's new world thesaurus
260 ## - PUBLICATION, DISTRIBUTION, ETC. (IMPRINT)
Place of publication Fontana
Name of publisher Collin world
Year of publication 1971
700 ## - ADDED ENTRY--PERSONAL NAME
Personal name Laird, Charlton
942 ## - ADDED ENTRY ELEMENTS (KOHA)
Koha item type Books
Holdings
Withdrawn status Lost status Damaged status Not for loan Home library Current library Date acquired Cost, normal purchase price Full call number Accession Number Koha item type
        RRII Library RRII Library 16/12/2021 3.95 025.43 WEB 07545 Books